00354nam a2200085Ia 4500008004100000245009000041260000900131300010100140650002700241180130s9999 xx 000 0 und d cLi, Peter Ping; Redding, GordonaSocial capital in Asia: its dual nature and function c2014 aBook title: The Oxford handbook of Asian business systems--Acession number C19643; pages 513-537 aBUSINESS SYSTEMS--ASIA